000 00250nam a2200109Ia 4500
008 190216s9999||||xx |||||||||||||| ||und||
100 _aBhattacharya
245 0 _aFirst Course In Group Theory
260 _bNull
650 _aMathematics
942 _cBK
999 _c30634
_d30634